| 000 | 00927nam a2200253Ia 4500 | ||
|---|---|---|---|
| 003 | OSt | ||
| 005 | 20221005112232.0 | ||
| 006 | a|||||r|||| 00| 0 | ||
| 007 | ta | ||
| 008 | 221004b |||||||| |||| 00| 0 pan d | ||
| 020 |
_a8171435076 (hbk) _c120 |
||
| 024 | _a106442 | ||
| 037 |
_b507, 02/02/2011, H.K. Prakashan _cTextual |
||
| 040 |
_aCRL _cCRL _bpan |
||
| 041 |
_2pan _apan |
||
| 082 | _aO153,3M97,KH:g, Q0 | ||
| 100 | _aਜਗਦੀਪ ਸਿੰਘ, ਥਦ। | ||
| 245 | 0 | _aਕੋਈ ਹਰਿਆ ਬੂਟ ਰਹਿਓ ਰੀ ? ਇਕ ਵਿਲੇਣ | |
| 260 |
_aਅੰਮ੍ਰਿਤਸਰ _bਰਵੀ ਸਾਹਿਤ ਪ੍ਰਕਾਨ ਭਾਰਤ _c2010 |
||
| 300 |
_a111ਪੰ _ccm. |
||
| 650 | _aਪੰਜਾਬੀ ਸਾਹਿਤ | ||
| 942 |
_hO153,3M97,KH:g, Q0 _cTEXL _2cc |
||
| 999 |
_c1024276 _d1024276 |
||